AS Saint-Etienne - Tous les joueurs (2010-2020) - Statistiques

Statistiques générales
  • Ce quiz a été pris 947 fois
  • Le résultat moyen est 39 sur 125
Statistiques - réponses
Saisons Nationalité Joueur Nb de matchs % Correct
2011-2020 France Stéphane Ruffier 315
98%
2010-2020 France Loïc Perrin 265
95%
2010-2013 Gabon Pierre-Emerick Aubameyang 87
90%
2012-2020 France Romain Hamouma 214
87%
2018-2020 Tunisie Wahbi Khazri 48
81%
2010-2011, 2016-2020 France Jessy Moulin 19
77%
2015-2020 Slovénie Robert Beric 82
76%
2011-2015 Côte d'Ivoire Max-Alain Gradel 101
71%
2010-2011, 2012-2016 Sénégal Moustapha Bayal Sall 125
71%
2011-2017 France Fabien Lemoine 181
69%
2012-2014 Brésil Brandao 53
66%
2019-2020 Gabon Denis Bouanga 26
64%
2017-2020 France Mathieu Debuchy 60
64%
2018-2020 France Wesley Fofana 16
64%
2018-2020 France William Saliba 28
64%
2011-2017 France Jérémy Clément 154
59%
2017-2019 France Rémy Cabella 60
59%
2019-2020 Algérie Ryad Boudebouz 24
58%
2019-2020 Pérou Miguel Trauco 19
57%
2010-2011 France Dimitri Payet 33
55%
2010-2014 Algérie Faouzi Ghoulam 87
55%
2015-2016 Norvège Ole Selnaes 70
54%
2010-2011 France Blaise Matuidi 34
53%
2014-2019 France Kévin Monnet-Paquet 148
53%
2012-2016 France François Clerc 85
52%
2013-2015 Turquie Mevlut Erding 53
52%
2015-2018 Norvège Alexander Soderlund 43
51%
2017-2020 France Yann M'Vila 77
51%
2018-2020 France Mahdi Camara 13
50%
2018-2020 Brésil Gabriel Silva 48
49%
2010-2011 France Jérémie Janot 36
49%
2012-2016 France Renaud Cohade 88
49%
2016-2017, 2018-2020 France Arnaud Nordin 58
48%
2013-2018 Guinée Florentin Pogba 66
44%
2011-2014 France Kurt Zouma 63
42%
2017-2019 Serbie Neven Subotic 42
42%
2012-2016 France Yohan Mollo 60
42%
2011-2016 France Jonathan Brison 70
41%
2010-2013 Mali Bakary Sako 76
38%
2010-2014 France Josuha Guilavogui 101
37%
2016-2018 Suisse Léo Lacroix 31
37%
2013-2015 France Franck Tabanou 65
33%
2014-2016, 2017-2018 France Jonathan Bamba 42
33%
2019-2020 Cameroun Harold Moukoudi 11
32%
2015-2017 France Nolan Roux 50
32%
2015-2018 Maroc Oussama Tannane 30
32%
2013-2014 France Benoît Trémoulinas 12
31%
2015-2017 France Kévin Malcuit 34
31%
2014-2015 Pays-Bas Ricky van Wolfswinkel 28
31%
2014-2018 France Kévin Théophile-Catherine 109
30%
2013-2017 France Benjamin Corgnet 75
29%
2016-2018 Burkina Faso Bryan Dabo 30
29%
2016-2017 France Jordan Veretout 35
29%
2017-2020 France Loïs Diony 58
29%
2019-2020 France Yohan Cabaye 15
29%
2011-2014 Roumanie Banel Nicolita 25
28%
2010-2012 Argentine Gonzalo Bergessio 18
28%
2019-2020 France Stefan Bajic 1
28%
2018-2020 France Timothée Kolodziejczak 51
28%
2015-2018 France Vincent Pajot 69
28%
2017-2020 Sénégal Assane Dioussé 36
27%
2015-2018 France Ronaël Pierre-Gabriel 35
26%
2019-2020 Espagne Sergi Palencia 6
26%
2013-2015 France Allan Saint-Maximin 12
25%
2015-2017, 2018-2019 France Pierre-Yves Polomat 44
24%
2016-2017 France Mickaël Nade 1
23%
2016-2018 Sénégal Cheikh M'Bengue 22
22%
2016-2017 Sénégal Henri Saivet 27
22%
2011-2016 Côte d'Ivoire Ismaël Diomandé 46
22%
2010-2012 Etats-Unis Carlos Bocanegra 35
21%
2016-2017, 2018-2019 Cap-Vert Kenny Rocha Santos 4
21%
2012-2013 France Mathieu Bodmer 14
21%
2017-2018 Cameroun Paul-Georges Ntep 13
21%
2019-2020 France Zaydou Youssouf 13
21%
2015-2016 Cameroun Benoît Assou-Ekotto 20
19%
2018-2020 France Charles Abi 9
19%
2010-2011 France Emmanuel Rivière 35
19%
2015-2016 France Valentin Eysseric 29
19%
2011-2014 France Jean-Pascal Mignot 34
18%
2010-2012 France Laurent Batlles 68
18%
2018-2019 Argentine Valentin Vada 12
18%
2010-2013 Argentine Alejandro Alonso 29
17%
2013-2014 Côte d'Ivoire Ibrahim Sissoko 4
16%
2018-2019 Sénégal Makhtar Gueye 5
16%
2015-2016 France Neal Maupay 15
16%
2017-2018 Suisse Saidy Janko 21
16%
2015-2016 France Jean-Christophe Bahebeck 16
15%
2016-2017 France Anthony Maisonnial 2
14%
2010-2011 France Christophe Landrin 20
14%
2010-2012 France Sylvain Marchal 48
14%
2017-2018 Cap-Vert Vagner 4
14%
2018-2019 Maroc Youssef Aït Bennasser 13
14%
2019-2020 France Bilal Benkhedim 1
13%
2010-2011 Côte d'Ivoire Boubacar Sanogo 13
13%
2019-2020 France Franck Honorat 12
13%
2016-2017 Guinée-Bissau Jorginho 5
13%
2014-2015 Cameroun Landry N'Guemo 14
13%
2014-2015 France Paul Baysse 9
13%
2011-2012 France Steed Malbranque 1
13%
2010-2012 France Albin Ebondo 55
12%
2016-2018 Côte d'Ivoire Habib Maïga 18
12%
2017-2018 Brésil Hernani 14
12%
2010-2014 Algérie Idriss Saadi 16
12%
2011-2012 France Florent Sinama-Pongolle 23
10%
2019-2020 Côte d'Ivoire Jean-Eudes Aholou 11
10%
2010-2012 France Loris Néry 23
10%
2010-2011 France Sylvain Monsoreau 31
10%
2016-2017 France Dylan Saint-Louis 1
9%
2018-2019 France Yannis Salibur 21
9%
2010-2011 Tunisie Yohan Benalouane 1
9%
2011-2013 Serbie Danijel Aleksic 3
8%
2019-2020 Guinée-Bissau Edmilson Correia 1
8%
2015-2016 Cap-Vert Eric Pinheiro 2
8%
2010-2011 Sénégal Guirane N'Daw 5
8%
2011-2013 Gabon Kévin Mayi 8
8%
2016-2017, 2018-2019 France Lamine Ghezali 7
8%
2014-2015, 2016-2017 France Ben Karamoko 3
6%
2011-2012 France Lynel Kitambala 16
6%
2011-2012 Brésil Paulao 10
6%
2018-2019 France Mickaël Panos 1
5%
2010-2012 France Yoric Ravet 3
5%
2017-2018 France Rayan Souici 1
4%
2010-2011 France Yoann Andreu 1
4%
2016-2017 France Hamidou Keyta 4
3%
2011-2012 France Pierrick Cros 1
3%
Aucun quiz correspondant
Distribution des résultats
% des personnes avec chaque résultat
Percentile par nombre de réponses
Votre historique - résultats
Vous n’avez pas pris ce quiz